Marauders Quiz - Statistics

General Stats
  • This quiz has been taken 995 times
  • The average score is 13 of 15
Answer Stats
Hint Answer % Correct
married to a hufflepuff Remus
94%
had light brown hair Remus
94%
was totally study partners with lily Remus
94%
last name ends in a k Sirius
91%
had an abusive mother Sirius
91%
had beautiful gray eyes and was born fabulous Sirius
91%
was totally brotp with lily Sirius
91%
loves a redhead with the initials L.E. James
86%
had hazel eyes James
86%
was kind of hated and then loved dearly by lily James
86%
is an ungrateful piece of trash Peter
85%
was called wormtail Peter
85%
is actually a pretty powerful wizard Peter
85%
was fierce and fabulous and had pretty good eyes Lily
61%
was totally besties with Marlene and Mary, and was way prettier than Carlotta Meloni Lily
61%
No matching quizzes found
Score Distribution
Percent of People with Each Score
Percentile by Number Answered
Your Score History
You have not taken this quiz